Practical digital preservation a how - to guide for organizations of any size
Saved in:
| Main Author: | |
|---|---|
| Format: | Book |
| Language: | English |
| Published: |
Facet Publishing
2013
|
| Tags: |
Add Tag
No Tags, Be the first to tag this record!
|
MARC
| LEADER | 00000nam a22000007a 4500 | ||
|---|---|---|---|
| 008 | 210727b ||||| |||| 00| 0 eng d | ||
| 020 | |a 9781856047555 | ||
| 100 | |a BROWN, Adrian | ||
| 245 | |a Practical digital preservation |b a how - to guide for organizations of any size |c Adrian Brown |g xvi, 336p. : ill. | ||
| 260 | |b Facet Publishing |c 2013 |h London |i 296298 |i 296299 |l ZA 4080 . B82 |m Digital preservation |m Digital libraries ... Management |m Electronic information resources | ||
| 500 | |a It includes index | ||
| 942 | |a lcc |c BK |e ADEYEYE Y. S. |f 27- 07 - 2021 | ||
| 952 | |0 0 |1 0 |2 lcc |4 0 |6 ZA4080 B82 |7 0 |9 2837 |a HOL |b TL |c QZ |d 2021-07-27 |l 0 |o ZA 4080 . B82 |p 2021-66499 |r 2021-07-27 00:00:00 |w 2021-07-27 |y BK | ||
| 952 | |0 0 |1 0 |2 lcc |4 0 |6 ZA4080 B82 |7 0 |9 2838 |a HOL |b TL |c QZ |d 2021-07-27 |l 0 |o ZA 4080 . B82 |p 2021-66500 |r 2021-07-27 00:00:00 |w 2021-07-27 |y BK | ||
| 999 | |c 1472 |d 1472 | ||